000 00589nam a2200181Ia 4500
008 090124s9999 xx 000 0 und d
082 _b16968
100 _aमुसळे गोविंद
245 _a प्रश्र्नांकित
250 _a1
260 _bश्री विशाखा प्रकाशन
_c1983
300 _a152
600 _aमुसळे गोविंद
630 _a प्रश्र्नांकित
700 _aमुसळे गोविंद
730 _a प्रश्र्नांकित
942 _cBOOK
999 _c88971
_d88971